Language Quiz

Random Language or Spanish Quiz

Spanish Trivia Quiz Stats

Quiz not verified by Sporcle

Challenge
Share
Tweet
Embed
Score 0/50 Timer 07:00
0 Plays Today
English Word Spanish Word % Correct
MilkLeche
82.2%
WhiteBlanco
80.8%
ChocolateChocolate
74%
MeYo
69.9%
BicycleBicicleta
65.8%
QuestionPregunta
64.4%
BrazoArm
63%
GameJuego
53.4%
JacketChaqueta
50.7%
AndY
49.3%
ClientsClientes
49.3%
CreamCrema
47.9%
Nail (at the end of finger)Una
45.2%
ClubClub
43.8%
TogetherJunto
41.1%
DeskEscritorio
39.7%
SoapJabon
38.4%
BroccoliBrocoli
37%
To carryLlevar
37%
FurnitureMuebles
35.6%
GrowCrecer
31.5%
LeafHoja
31.5%
BeautifulHermoso
31.5%
Yo-YoYo-Yo
28.8%
HomeHogar
27.4%
English Word Spanish Word % Correct
JewishJudia
23.3%
CrayonCrayone
16.4%
CageJaula
15.1%
IntersectionCruce
13.7%
LittleChiquito
13.7%
MicroscopeMicroscopio
13.7%
BabysitterNinera
13.7%
FairyHada
13.7%
Chewing gumChicles
12.3%
CompassBrujula
11%
AnchorAncla
11%
Egg yolkYema
9.6%
FoldDoblar
9.6%
Nail (hammer and ___)Clavo
9.6%
Namby-pambyNono
9.6%
Paint lineRaya pinta
8.2%
HayHeno
8.2%
ScorpionAlacran
6.8%
BoardTablero
6.8%
ZipperCremallera
5.5%
PlasterYeso
4.1%
To tread onHollar
4.1%
YakChachara
2.7%
BumpChichon
2.7%
PaintbrushBrocha
2.7%

You're not logged in!

Compare scores with friends on all Sporcle quizzes.
Join for Free
OR
Log In

You Might Also Like...

Show Comments

Extras

Top Quizzes Today


Score Distribution

Your Account Isn't Verified!

In order to create a playlist on Sporcle, you need to verify the email address you used during registration. Go to your Sporcle Settings to finish the process.

Report this User

Report this user for behavior that violates our Community Guidelines.

Details: